That's What You Get - Paramore (All Lyrics) - Statistics

General Stats
  • This quiz has been taken 13 times
  • The average score is 248 of 305
Answer Stats
Answer % Correct
get
100%
heart
100%
I
100%
let
100%
That's
100%
that's
100%
what
100%
when
100%
win
100%
You
100%
you
100%
your
100%
a
92%
to
92%
be
83%
do
83%
don't
83%
it
83%
It's
83%
its
83%
my
83%
No,
83%
oh
83%
Oh,
83%
wanna
83%
we
83%
why
83%
why?
83%
Why
83%
Woah
83%
All
75%
all
75%
anymore
75%
beating
75%
(Beating)
75%
drowned
75%
like
75%
make
75%
not
75%
sense
75%
sir
75%
So
75%
so
75%
(so)
75%
the
75%
turn
75%
we're
75%
were
75%
you're
75%
always
67%
blame,
67%
can't
67%
'Cause
67%
final
67%
hurt
67%
me,
67%
me
67%
much?
67%
of
67%
on
67%
seat,
67%
settling
67%
sound
67%
take
67%
try
67%
with
67%
am
58%
And
58%
bridge
58%
built
58%
burned
58%
decide
58%
ever
58%
Every
58%
go
58%
harder
58%
have
58%
here?
58%
here
58%
How
58%
If
58%
I'll
58%
in
58%
inviting
58%
just
58%
learn
58%
Let's
58%
made
58%
never
58%
out
58%
possibilities,
58%
score
58%
silly
58%
start
58%
start,
58%
supposed
58%
things,
58%
This
58%
this
58%
was
58%
way
58%
Well,
58%
well,
58%
wonder
58%
but
50%
feel
50%
heard
50%
hey
50%
Holding
50%
I'm
50%
Now
50%
onto
50%
riot
50%
still
50%
straight
50%
sure
50%
wrong
50%
you've
50%
think
42%
will
42%
anything
33%
myself
33%
Pain,
33%
trust
33%
No matching quizzes found
Score Distribution
Percent of People with Each Score
Percentile by Number Answered
Your Score History
You have not taken this quiz